Approximation theory selected papers

Na minha lista:
Detalhes bibliográficos
Autor principal: Alexits, George
Formato: Livro
Idioma:inglês
Publicado em: Budapest Akadémiai Kiadó 1983
Tags: Adicionar Tag
Sem tags, seja o primeiro a adicionar uma tag!

MARC

LEADER 00000nam a2200000 4500
001 c114513
005 20230110134736.8
041 0 |a eng 
044 |a HU 
245 1 0 |a Approximation theory  |b selected papers  |c George Alexits 
264 1 |a Budapest  |b Akadémiai Kiadó  |c 1983 
300 |a 297 s. 
100 1 |a Alexits, George